القصص الهادف : (Record no. 14523)
[ view plain ]
| 000 -الفاتح | |
|---|---|
| حقل البيانات ثابتة الطول | 00881nam a22001817a 4500 |
| 008 - عناصر البيانات ثابتة الطول - معلومات عامة | |
| حقل البيانات ثابتة الطول | 100721s1964 xxu||||| |||| 00| 0 ara d |
| 082 ## - رقم تصنيف ديوى العشرى | |
| رقم الطبعة | 22 |
| رقم التصنيف | 297.122 |
| رقم المادة | م د ن |
| 100 1# - المدخل الرئيسى - إسم شخصى | |
| 9 (RLIN) | 16619 |
| الإسم الشخصى | المدنى ، محمد محمد |
| 245 ## - بيان العنوان | |
| العنوان | القصص الهادف : |
| بقية العنوان | كما نراه في سورة الكهف / |
| بيان المسئوليه,etc | محمد محمد المدنى |
| 260 ## - PUBLICATION, DISTRIBUTION, ETC. (IMPRINT) | |
| مكان الناشر او الموزع | القاهرة : |
| اسم الناشر او الموزع | المجلس الأعلى للشئون الإسلامية ، |
| تاريخ النشر أو التوزيع | 1964. |
| 300 ## - الوصف المادى | |
| التعداد | 261 ص ؛ |
| أبعاد الوعاء | 22 سم. |
| 490 ## - بيان السلسلة | |
| -- | 16621 |
| عنوان السلسلة | اللجنة العامة للقرآن والسنة |
| 541 ## - تبصرة المصدر المباشر للتزويد | |
| مصدر التزويد | ألف باء ؛ |
| طريقة التزويد | شراء ؛ |
| 650 ## - المدخل الاضافى بالموضوع-مصطلح موضوعى | |
| 9 (RLIN) | 16632 |
| مصطلح موضوعي أو اسم جغرافي كعنصر مدخل | قرآن |
| التقسيم الفرعي العام | سور وآيات |
| 650 ## - المدخل الاضافى بالموضوع-مصطلح موضوعى | |
| 9 (RLIN) | 16633 |
| مصطلح موضوعي أو اسم جغرافي كعنصر مدخل | قرآن |
| التقسيم الفرعي العام | أسرار |
| 942 ## - عناصر المدخل الإضافي( كوها) | |
| مصدر التصنيف او مخطط الترفيف | Dewey Decimal Classification |
| Koha [default] item type | Book - Borrowing |
| حالة التراجع | حالة الفقد | مصدر التصنيف او خطة الترفيف | حالة تلف | ليس للاعارة | مجموعات كوها | المكان الدائم | المكان الحالي | موقع الترفيف | تاريخ الاكتساب | رقم الاستدعاء | الباركود | Date last seen | نوع الوعاء |
|---|---|---|---|---|---|---|---|---|---|---|---|---|---|
| Dewey Decimal Classification | Alef-Baa | Central Library | Central Library | Lower Floor | 21/07/2010 | 297.122 م د ن | 000021571 | 15/07/2025 | Book - Borrowing |